महात्मा बुद्ध और उनका जीवन (Record no. 203377)

MARC details
000 -LEADER
fixed length control field 00867nam a22002057a 4500
005 - DATE AND TIME OF LATEST TRANSACTION
control field 20240618125705.0
010 ## - LCCN (DPL NO)
LC control number HIN-127746
020 ## - INTERNATIONAL STANDARD BOOK NUMBER
Terms of availability 495.00
International Standard Book Number 9789383485833
035 ## - SYSTEM CONTROL NUMBER
System control number HN-100092
037 ## - SOURCE OF ACQUISITION
Source of stock number/acquisition DBAD
082 ## - DEWEY DECIMAL CLASSIFICATION NUMBER
Classification number 921
100 ## - MAIN ENTRY--PERSONAL NAME
Personal name वाजपेयी, हरीश
245 ## - TITLE STATEMENT
Title महात्मा बुद्ध और उनका जीवन
Statement of responsibility, etc हरीश वाजपेयी
260 ## - PUBLICATION, DISTRIBUTION, ETC. (IMPRINT)
Place of publication, distribution, etc दिल्ली
Name of publisher, distributor, etc विज्ञान पुस्तक संसार
Date of publication, distribution, etc 2018
270 ## - ADDRESS
Address 26/54,, गली नों 11, विश्वास नगर, शाहदरा
City दिल्ली
Postal code 110032
300 ## - PHYSICAL DESCRIPTION
Extent 176 पृ.
Dimensions 21सेमी.(साजिल्द)
650 ## - SUBJECT ADDED ENTRY--TOPICAL TERM
Topical term or geographic name as entry element हिन्दी
700 ## - ADDED ENTRY--PERSONAL NAME
9 (RLIN) 64809
Personal name वाजपेयी, हरीश
942 ## - ADDED ENTRY ELEMENTS (KOHA)
Source of classification or shelving scheme Dewey Decimal Classification
Item type Hindi Books
Classification part 921
Call number suffix वाजपे
Holdings
Withdrawn status Lost status Not for loan Collection code Home library Current library Date acquired Source of acquisition Cost, normal purchase price Full call number Barcode Copy number Cost, replacement price Koha item type
      Non-fiction Central Library Central Library 29/05/2024 DBAD 495.00 921 वाजपे HN-100092 1 495.00 Hindi Books

© Delhi Public Library
Hit Counter
free hit counter